| 000 | 00737nam a22001817a 4500 | ||
|---|---|---|---|
| 008 | 200727b xxu||||| |||| 00| 0 eng d | ||
| 020 | _a0886713560 | ||
| 050 | _aHQ755.8.D58 | ||
| 100 | _aDinkmeyer, Don Sr | ||
| 245 |
_aParenting young children./ _bDon Dinkmeyer,Sr et al |
||
| 260 |
_aMinnesota: _bAmerican Guidance Service, _c1989. |
||
| 300 | _aix,157p. | ||
| 521 | _aUnderstanding young children Understanding young children's behavior Building self-esteem in the early years Communicating with young children Helping young children learn to cooperate Effective discipline Nurturing emotional and social development | ||
| 650 | _aParenting | ||
| 700 | _aMcKay, Gary D. | ||
| 700 | _aDinkmeyer, James S | ||
| 942 |
_2lcc _cBK |
||
| 999 |
_c7552 _d15052 |
||